[Event "2016 Redpath Mining Millionaire Chess Open"]
[Site "Venue: Old Ed’s Sports Complex, Houghton, Johannesburg"]
[Date "2016.07.15"]
[Round "4"]
[Board "17"]
[White "Jacobs, Cavan"]
[Black "Mostert, Gert"]
[Result "1-0"]
[WhiteElo "1697"]
[BlackElo "1457"]
[PlyCount "0"]
[EventDate "2016.07.13"]
[EventRounds "9"]
[EventCountry "RSA"]

1. e4 {[%clk 1:30:58]} d5 {[%clk 1:30:44]} 2. exd5 {[%clk 1:31:23]} Nf6
{[%clk 1:30:52]} 3. d4 {[%clk 1:31:22]} Qxd5 {[%clk 1:29:42]} 4. Nf3
{[%clk 1:31:09]} Bg4 {[%clk 1:29:41]} 5. Be2 {[%clk 1:31:01]} Nc6
{[%clk 1:28:52]} 6. c4 {[%clk 1:31:04]} Qf5 {[%clk 1:28:46]} 7. Nc3
{[%clk 1:28:46]} Rd8 {[%clk 1:27:16]} 8. Be3 {[%clk 1:26:24]} e5 {[%clk 1:22:28]}
9. Qa4 {[%clk 1:22:46]} exd4 {[%clk 1:14:30]} 10. Nxd4 {[%clk 1:22:49]} Qa5
{[%clk 1:04:16]} 11. Nxc6 {[%clk 1:19:54]} Qxa4 {[%clk 1:03:13]} 12. Nxa4
{[%clk 1:20:20]} bxc6 {[%clk 1:03:13]} 13. Nc5 {[%clk 1:19:24]} Bxe2
{[%clk 1:01:49]} 14. Kxe2 {[%clk 1:19:46]} Rb8 {[%clk 1:00:03]} 15. b3
{[%clk 1:18:51]} Bd6 {[%clk 0:59:45]} 16. h3 {[%clk 1:13:48]} Ke7
{[%clk 0:58:32]} 17. Rhe1 {[%clk 1:12:36]} Rhe8 {[%clk 0:56:47]} 18. Rad1
{[%clk 1:12:28]} Kf8 {[%clk 0:48:47]} 19. Nd3 {[%clk 1:03:12]} Ne4
{[%clk 0:45:27]} 20. Kf3 {[%clk 1:01:15]} f5 {[%clk 0:42:47]} 21. g3
{[%clk 0:58:50]} Ra8 {[%clk 0:40:40]} 22. h4 {[%clk 0:54:00]} h6 {[%clk 0:39:49]}
23. c5 {[%clk 0:52:06]} Be5 {[%clk 0:37:51]} 24. Nxe5 {[%clk 0:52:03]} Rxe5
{[%clk 0:37:45]} 25. b4 {[%clk 0:50:40]} a5 {[%clk 0:36:06]} 26. Kf4
{[%clk 0:49:22]} Re7 {[%clk 0:33:04]} 27. a3 {[%clk 0:46:22]} axb4
{[%clk 0:32:34]} 28. axb4 {[%clk 0:46:44]} Rf7 {[%clk 0:31:48]} 29. Ra1
{[%clk 0:44:04]} Rb8 {[%clk 0:30:44]} 30. Reb1 {[%clk 0:39:59]} Nc3
{[%clk 0:30:24]} 31. Rb2 {[%clk 0:40:08]} Nd5+ {[%clk 0:30:38]} 32. Kf3
{[%clk 0:40:17]} Rxb4 {[%clk 0:30:45]} 33. Rxb4 {[%clk 0:39:24]} Nxb4
{[%clk 0:30:58]} 34. Ra7 {[%clk 0:39:12]} Nd5 {[%clk 0:30:38]} 35. Ra8+
{[%clk 0:37:47]} Ke7 {[%clk 0:29:55]} 36. Bd4 {[%clk 0:37:57]} Rf8
{[%clk 0:28:42]} 37. Ra6 {[%clk 0:37:57]} Rf7 {[%clk 0:26:53]} 38. Rxc6
{[%clk 0:37:56]} Ke8 {[%clk 0:25:11]} 39. Re6+ {[%clk 0:36:32]} Kf8
{[%clk 0:23:57]} 40. c6 {[%clk 0:36:10]} Re7 {[%clk 0:22:09]} 41. Bc5
{[%clk 0:36:17]} Kf7 {[%clk 0:22:31]} 42. Bxe7 {[%clk 0:33:36]} Kxe6
{[%clk 0:22:55]} 43. Bf8 {[%clk 0:33:48]} Kf7 {[%clk 0:23:17]} 44. Bc5
{[%clk 0:32:52]} Ne7 {[%clk 0:23:17]} 45. Kf4 {[%clk 0:32:57]} g6
{[%clk 0:22:52]} 46. Bxe7 {[%clk 0:33:17]} Kxe7 {[%clk 0:23:10]} 47. Ke5
{[%clk 0:33:43]} Kf7 {[%clk 0:23:22]} 48. h5 {[%clk 0:31:16]} gxh5
{[%clk 0:23:26]} 49. Kxf5 {[%clk 0:31:29]} Ke7 {[%clk 0:23:50]} 50. Ke5
{[%clk 0:31:49]} Kf7 {[%clk 0:24:09]} 51. f4 {[%clk 0:32:02]} Ke7
{[%clk 0:23:35]} 52. f5 {[%clk 0:32:07]} Kf7 {[%clk 0:23:13]} 53. f6
{[%clk 0:32:32]} Kf8 {[%clk 0:22:43]} 54. Ke6 {[%clk 0:32:55]} Ke8
{[%clk 0:23:01]} 55. f7+ {[%clk 0:33:08]} Kf8 {[%clk 0:23:26]} 56. Kf6
{[%clk 0:33:13]} h4 {[%clk 0:23:34]} 57. gxh4 {[%clk 0:33:37]} h5
{[%clk 0:24:01]} 58. Kg6 {[%clk 0:33:49]} Ke7 {[%clk 0:24:26]} 59. Kg7
{[%clk 0:34:09]} Kd6 {[%clk 0:24:43]} 60. f8=Q+ {[%clk 0:34:29]} Kxc6
{[%clk 0:25:06]} 61. Qf6+ {[%clk 0:34:30]} Kb5 {[%clk 0:25:26]} 62. Qc3
{[%clk 0:34:43]} c5 {[%clk 0:25:47]} 63. Kf6 {[%clk 0:35:02]} Kc6
{[%clk 0:26:02]} 64. Ke5 {[%clk 0:35:23]} Kb5 {[%clk 0:26:07]} 65. Kd5
{[%clk 0:35:48]} Ka6 {[%clk 0:26:25]} 66. Qb2 {[%clk 0:35:56]} Ka7
{[%clk 0:26:33]} 67. Kc6 {[%clk 0:36:17]} Ka8 {[%clk 0:26:54]} 68. Qb7# 1-0

[Event "2016 Redpath Mining Millionaire Chess Open"]
[Site "Venue: Old Ed’s Sports Complex, Houghton, Johannesburg"]
[Date "2016.07.15"]
[Round "4"]
[Board "18"]
[White "Basson, Petrus"]
[Black "Claassen, Jean-Daniel"]
[Result "1-0"]
[WhiteElo "1679"]
[BlackElo "1436"]
[PlyCount "0"]
[EventDate "2016.07.13"]
[EventRounds "9"]
[EventCountry "RSA"]

1. e4 {[%clk 1:30:51]} c5 {[%clk 1:30:52]} 2. Nf3 {[%clk 1:31:10]} g6
{[%clk 1:31:12]} 3. d3 {[%clk 1:31:19]} Nc6 {[%clk 1:31:32]} 4. g3
{[%clk 1:31:42]} Bg7 {[%clk 1:31:49]} 5. Bg2 {[%clk 1:31:58]} e6 {[%clk 1:31:59]}
6. O-O {[%clk 1:32:09]} Nge7 {[%clk 1:32:15]} 7. c3 {[%clk 1:31:37]} O-O
{[%clk 1:31:44]} 8. Re1 {[%clk 1:31:42]} d6 {[%clk 1:32:01]} 9. d4
{[%clk 1:31:54]} cxd4 {[%clk 1:30:47]} 10. cxd4 {[%clk 1:31:18]} Qb6
{[%clk 1:30:59]} 11. e5 {[%clk 1:30:42]} dxe5 {[%clk 1:31:18]} 12. dxe5
{[%clk 1:30:57]} Rd8 {[%clk 1:30:36]} 13. Qe2 {[%clk 1:30:35]} Nd4
{[%clk 1:30:47]} 14. Nxd4 {[%clk 1:30:30]} Qxd4 {[%clk 1:30:44]} 15. Nc3
{[%clk 1:30:43]} Nc6 {[%clk 1:30:17]} 16. Bf4 {[%clk 1:30:16]} Qc5
{[%clk 1:26:40]} 17. Ne4 {[%clk 1:26:34]} Qa5 {[%clk 1:24:47]} 18. Nf6+
{[%clk 1:20:21]} Bxf6 {[%clk 1:25:00]} 19. exf6 {[%clk 1:20:40]} Qf5
{[%clk 1:25:23]} 20. h4 {[%clk 1:19:11]} Nd4 {[%clk 1:23:41]} 21. Qc4
{[%clk 1:17:10]} Rd7 {[%clk 1:17:47]} 22. Rac1 {[%clk 1:08:37]} h5
{[%clk 1:16:24]} 23. Qc3 {[%clk 0:54:19]} Qb5 {[%clk 1:15:32]} 24. Qe3
{[%clk 0:46:22]} Qxb2 {[%clk 1:14:16]} 25. Be5 {[%clk 0:46:09]} Qb4
{[%clk 1:12:23]} 26. Qf4 {[%clk 0:43:56]} Qb2 {[%clk 1:08:57]} 27. Be4
{[%clk 0:39:53]} Ne2+ {[%clk 1:07:52]} 28. Rxe2 {[%clk 0:40:07]} Qxe2
{[%clk 1:08:01]} 29. Qh6 {[%clk 0:40:14]} Rd1+ {[%clk 1:07:29]} 30. Rxd1
{[%clk 0:40:29]} Qxd1+ {[%clk 1:07:52]} 31. Kg2 {[%clk 0:40:38]} Qe2
{[%clk 1:07:23]} 32. Qg7# {[%clk 0:41:01]} 1-0

[Event "2016 Redpath Mining Millionaire Chess Open"]
[Site "Venue: Old Ed’s Sports Complex, Houghton, Johannesburg"]
[Date "2016.07.15"]
[Round "4"]
[Board "20"]
[White "Dykema, Dirkho"]
[Black "Moremi, Thato"]
[Result "1-0"]
[WhiteElo "1425"]
[BlackElo "1576"]
[PlyCount "0"]
[EventDate "2016.07.13"]
[EventRounds "9"]
[EventCountry "RSA"]

1. d4 {[%clk 1:30:58]} d5 {[%clk 1:26:32]} 2. c4 {[%clk 1:31:23]} e6
{[%clk 1:26:30]} 3. cxd5 {[%clk 1:31:23]} exd5 {[%clk 1:26:30]} 4. Nc3
{[%clk 1:31:47]} c6 {[%clk 1:24:16]} 5. Nf3 {[%clk 1:31:56]} Nf6 {[%clk 1:24:10]}
6. Bg5 {[%clk 1:31:25]} Be7 {[%clk 1:23:36]} 7. e3 {[%clk 1:31:46]} Nbd7
{[%clk 1:22:02]} 8. Bd3 {[%clk 1:26:48]} h6 {[%clk 1:20:39]} 9. Bxf6
{[%clk 1:26:36]} Nxf6 {[%clk 1:18:45]} 10. Qc2 {[%clk 1:26:16]} Bd6
{[%clk 1:18:04]} 11. Rb1 {[%clk 1:23:42]} O-O {[%clk 1:14:09]} 12. O-O
{[%clk 1:14:29]} Bg4 {[%clk 1:13:02]} 13. Be2 {[%clk 1:08:22]} Qe7
{[%clk 1:06:09]} 14. h3 {[%clk 1:03:36]} Bh5 {[%clk 1:06:09]} 15. Nh4
{[%clk 1:02:33]} Bxe2 {[%clk 1:01:14]} 16. Qxe2 {[%clk 0:56:24]} Qe6
{[%clk 1:00:06]} 17. Rfe1 {[%clk 0:53:13]} Ne4 {[%clk 0:55:13]} 18. Rbd1
{[%clk 0:49:06]} a6 {[%clk 0:50:14]} 19. Qc2 {[%clk 0:46:36]} Rab8
{[%clk 0:44:32]} 20. Nxe4 {[%clk 0:44:59]} dxe4 {[%clk 0:44:29]} 21. g4
{[%clk 0:39:16]} Qxa2 {[%clk 0:36:55]} 22. Qxe4 {[%clk 0:38:22]} Qxb2
{[%clk 0:35:19]} 23. Nf5 {[%clk 0:35:46]} Rfe8 {[%clk 0:33:42]} 24. Qf3
{[%clk 0:35:09]} Bf8 {[%clk 0:32:37]} 25. e4 {[%clk 0:34:32]} g6 {[%clk 0:32:14]}
26. Nh4 {[%clk 0:33:47]} Qb4 {[%clk 0:32:25]} 27. e5 {[%clk 0:33:23]} Rbd8
{[%clk 0:32:24]} 28. Qe4 {[%clk 0:33:10]} Bg7 {[%clk 0:32:00]} 29. f4
{[%clk 0:33:05]} c5 {[%clk 0:32:23]} 30. d5 {[%clk 0:33:05]} Qxe4
{[%clk 0:32:08]} 31. Rxe4 {[%clk 0:33:04]} g5 {[%clk 0:32:16]} 32. Nf5
{[%clk 0:32:24]} gxf4 {[%clk 0:32:33]} 33. Nxg7 {[%clk 0:32:49]} Kxg7
{[%clk 0:32:10]} 34. Kf2 {[%clk 0:32:38]} Kg6 {[%clk 0:31:02]} 35. Kf3
{[%clk 0:31:53]} f5 {[%clk 0:31:21]} 36. Ree1 {[%clk 0:31:40]} Kg5
{[%clk 0:31:17]} 37. h4+ {[%clk 0:31:45]} Kg6 {[%clk 0:31:21]} 38. Kxf4
{[%clk 0:32:05]} fxg4 {[%clk 0:31:27]} 39. Kxg4 {[%clk 0:32:27]} h5+
{[%clk 0:31:12]} 40. Kf4 {[%clk 0:32:49]} Rf8+ {[%clk 0:31:29]} 41. Ke4
{[%clk 0:32:30]} Rf2 {[%clk 0:31:51]} 42. Rg1+ {[%clk 0:31:16]} Kf7
{[%clk 0:31:19]} 43. Rg5 {[%clk 0:30:55]} Rh8 {[%clk 0:24:41]} 44. Rf5+
{[%clk 0:30:31]} Rxf5 {[%clk 0:25:09]} 45. Kxf5 {[%clk 0:30:53]} Rd8
{[%clk 0:25:21]} 46. d6 {[%clk 0:30:53]} Re8 {[%clk 0:25:00]} 47. d7
{[%clk 0:31:18]} Rd8 {[%clk 0:25:24]} 48. e6+ {[%clk 0:31:42]} Ke7
{[%clk 0:25:50]} 49. Ke5 {[%clk 0:31:45]} Rg8 {[%clk 0:25:14]} 50. Rf1
{[%clk 0:31:52]} Rg7 {[%clk 0:25:15]} 51. Rf7+ Rg8 1-0

[Event "2016 Redpath Mining Millionaire Chess Open"]
[Site "Venue: Old Ed’s Sports Complex, Houghton, Johannesburg"]
[Date "2016.07.15"]
[Round "4"]
[Board "21"]
[White "Arjunan, Zander"]
[Black "Waters, Anre"]
[Result "0-1"]
[WhiteElo "715"]
[BlackElo "1537"]
[PlyCount "0"]
[EventDate "2016.07.13"]
[EventRounds "9"]
[EventCountry "RSA"]

1. e4 {[%clk 1:30:58]} c5 {[%clk 1:30:46]} 2. Nf3 {[%clk 1:31:10]} d6
{[%clk 1:30:57]} 3. Bc4 {[%clk 1:31:15]} e6 {[%clk 1:30:38]} 4. O-O
{[%clk 1:31:17]} Nf6 {[%clk 1:30:03]} 5. Nc3 {[%clk 1:31:35]} Nc6
{[%clk 1:29:54]} 6. d3 {[%clk 1:31:42]} Be7 {[%clk 1:29:44]} 7. Be3
{[%clk 1:31:42]} O-O {[%clk 1:29:02]} 8. Qd2 {[%clk 1:31:52]} a6 {[%clk 1:28:45]}
9. a4 {[%clk 1:31:29]} Bd7 {[%clk 1:28:19]} 10. b3 {[%clk 1:31:07]} Na5
{[%clk 1:22:49]} 11. e5 {[%clk 1:29:01]} Nxc4 {[%clk 1:21:23]} 12. dxc4
{[%clk 1:29:13]} dxe5 {[%clk 1:20:46]} 13. Nxe5 {[%clk 1:29:28]} Qc7
{[%clk 1:17:20]} 14. Bf4 {[%clk 1:29:22]} Bd6 {[%clk 1:16:55]} 15. Rfe1
{[%clk 1:29:08]} Ng4 {[%clk 1:12:14]} 16. Nd3 {[%clk 1:28:38]} Bxf4
{[%clk 1:10:31]} 17. Nxf4 {[%clk 1:28:54]} Bc6 {[%clk 1:09:51]} 18. Nh5
{[%clk 1:28:57]} Qxh2+ {[%clk 1:09:49]} 19. Kf1 {[%clk 1:29:00]} Qxg2+
{[%clk 1:10:02]} 20. Ke2 {[%clk 1:29:11]} Qf3+ {[%clk 1:08:00]} 21. Kf1
{[%clk 1:29:24]} Nh2+ {[%clk 1:08:18]} 22. Kg1 {[%clk 1:29:47]} Qg2#
{[%clk 1:08:38]} 0-1

[Event "2016 Redpath Mining Millionaire Chess Open"]
[Site "Venue: Old Ed’s Sports Complex, Houghton, Johannesburg"]
[Date "2016.07.15"]
[Round "4"]
[Board "22"]
[White "Dykema, Joshua"]
[Black "Oosthuizen, Michal Jacobus"]
[Result "1-0"]
[WhiteElo "1472"]
[BlackElo "1357"]
[PlyCount "0"]
[EventDate "2016.07.13"]
[EventRounds "9"]
[EventCountry "RSA"]

1. d4 {[%clk 1:30:51]} d5 {[%clk 1:30:45]} 2. c4 {[%clk 1:29:55]} e6
{[%clk 1:30:32]} 3. cxd5 {[%clk 1:29:45]} exd5 {[%clk 1:30:52]} 4. Nc3
{[%clk 1:29:46]} Nf6 {[%clk 1:31:03]} 5. Nf3 {[%clk 1:29:00]} c5 {[%clk 1:31:14]}
6. dxc5 {[%clk 1:27:41]} Bxc5 {[%clk 1:30:46]} 7. Bg5 {[%clk 1:18:52]} Qb6
{[%clk 1:30:07]} 8. e3 {[%clk 1:17:17]} Nbd7 {[%clk 1:28:18]} 9. Bb5
{[%clk 1:11:07]} O-O {[%clk 1:27:19]} 10. O-O {[%clk 1:05:18]} h6
{[%clk 1:24:29]} 11. Bxd7 {[%clk 0:44:18]} Nxd7 {[%clk 1:24:10]} 12. Nxd5
{[%clk 0:42:54]} Qxb2 {[%clk 1:23:30]} 13. Be7 {[%clk 0:42:12]} Bxe7
{[%clk 1:22:49]} 14. Nxe7+ {[%clk 0:42:23]} Kh8 {[%clk 1:23:06]} 15. Nxc8
{[%clk 0:42:45]} Nf6 {[%clk 1:22:34]} 16. Ne7 {[%clk 0:42:46]} Qb5
{[%clk 1:20:00]} 17. Nd4 {[%clk 0:40:21]} Qe5 {[%clk 1:20:02]} 18. Nef5
{[%clk 0:38:40]} Ng4 {[%clk 1:18:45]} 19. Qxg4 {[%clk 0:38:32]} Kh7
{[%clk 1:17:52]} 20. f4 {[%clk 0:38:43]} Qf6 {[%clk 1:18:15]} 21. Qh4
{[%clk 0:37:35]} Qg6 {[%clk 1:18:37]} 22. Rf3 {[%clk 0:37:35]} Rg8
{[%clk 1:18:45]} 23. Rg3 {[%clk 0:37:26]} Qb6 {[%clk 1:18:50]} 24. Ne7
{[%clk 0:36:53]} Rge8 {[%clk 1:18:17]} 25. Ndf5 {[%clk 0:36:10]} Rad8
{[%clk 1:17:57]} 26. Rxg7+ {[%clk 0:36:04]} Kh8 {[%clk 1:18:23]} 27. Rxf7
{[%clk 0:35:54]} Rxe7 {[%clk 1:16:53]} 28. Qxe7 {[%clk 0:36:06]} Qg6
{[%clk 1:15:31]} 29. Qxd8+ {[%clk 0:36:14]} Qg8 {[%clk 1:15:54]} 30. Qf6+
{[%clk 0:36:42]} Qg7 {[%clk 1:16:18]} 31. Qxg7# {[%clk 0:37:11]} 1-0

[Event "2016 Redpath Mining Millionaire Chess Open"]
[Site "Venue: Old Ed’s Sports Complex, Houghton, Johannesburg"]
[Date "2016.07.15"]
[Round "4"]
[Board "23"]
[White "Nyathi, Musa"]
[Black "Beukman, Eduan"]
[Result "0-1"]
[WhiteElo "1366"]
[BlackElo "1485"]
[PlyCount "0"]
[EventDate "2016.07.13"]
[EventRounds "9"]
[EventCountry "RSA"]

1. d4 {[%clk 1:26:29]} d6 {[%clk 1:30:55]} 2. c4 {[%clk 1:26:52]} Nd7
{[%clk 1:31:20]} 3. Nc3 {[%clk 1:27:17]} e5 {[%clk 1:31:45]} 4. d5
{[%clk 1:27:19]} Be7 {[%clk 1:32:03]} 5. e4 {[%clk 1:27:43]} Ngf6
{[%clk 1:32:27]} 6. Bd3 {[%clk 1:27:50]} c6 {[%clk 1:31:58]} 7. Be3
{[%clk 1:28:11]} Qc7 {[%clk 1:31:51]} 8. Rc1 {[%clk 1:28:05]} O-O
{[%clk 1:32:02]} 9. f3 {[%clk 1:28:28]} Ne8 {[%clk 1:31:12]} 10. Nge2
{[%clk 1:28:47]} g6 {[%clk 1:31:35]} 11. Bh6 {[%clk 1:28:54]} Ng7
{[%clk 1:31:56]} 12. g4 {[%clk 1:27:51]} Bh4+ {[%clk 1:32:04]} 13. Kd2
{[%clk 1:28:12]} Qd8 {[%clk 1:31:12]} 14. Kc2 {[%clk 1:28:28]} cxd5
{[%clk 1:27:02]} 15. exd5 {[%clk 1:27:33]} Nc5 {[%clk 1:26:15]} 16. Kb1
{[%clk 1:27:52]} a6 {[%clk 1:25:25]} 17. Ng3 {[%clk 1:26:44]} Qa5 18. Nge4
{[%clk 1:27:01]} Nxe4 {[%clk 1:18:11]} 19. Nxe4 {[%clk 1:26:39]} Rd8
{[%clk 1:16:59]} 20. Bxg7 {[%clk 1:25:57]} Kxg7 {[%clk 1:17:13]} 21. Rc3
{[%clk 1:25:10]} Qc7 {[%clk 0:50:49]} 22. Qe2 {[%clk 1:19:16]} Bd7
{[%clk 0:47:17]} 23. c5 {[%clk 1:19:10]} dxc5 {[%clk 0:43:42]} 24. Nxc5
{[%clk 1:19:32]} Qb8 {[%clk 0:42:51]} 25. Rb3 {[%clk 1:17:55]} b5
{[%clk 0:40:42]} 26. a4 {[%clk 1:16:18]} Be7 {[%clk 0:34:26]} 27. Nxd7
{[%clk 1:16:24]} Rxd7 {[%clk 0:34:18]} 28. axb5 {[%clk 1:16:52]} a5
{[%clk 0:26:36]} 29. Be4 {[%clk 1:13:44]} a4 {[%clk 0:23:50]} 30. Rc3
{[%clk 1:13:29]} Bb4 {[%clk 0:22:52]} 31. Rc6 {[%clk 1:12:04]} a3
{[%clk 0:21:35]} 32. Ra6 {[%clk 1:10:30]} Rxa6 {[%clk 0:20:22]} 33. bxa6
{[%clk 1:10:42]} Bc3 {[%clk 0:20:37]} 34. Ka2 {[%clk 1:10:02]} axb2
{[%clk 0:18:35]} 35. Qc4 {[%clk 1:07:29]} Bd4 {[%clk 0:17:41]} 36. Qb3
{[%clk 1:06:16]} Qc7 {[%clk 0:16:24]} 37. Rb1 {[%clk 1:05:38]} Rd6
{[%clk 0:16:22]} 38. Bd3 {[%clk 1:03:15]} Qa5+ {[%clk 0:16:36]} 39. Qa3
{[%clk 1:03:43]} Qxd5+ {[%clk 0:16:30]} 40. Qb3 {[%clk 1:03:53]} Qc5
{[%clk 0:15:04]} 41. Qa3 {[%clk 1:03:40]} Qxa3+ {[%clk 0:15:33]} 42. Kxa3
{[%clk 1:04:08]} Bc5+ {[%clk 0:15:34]} 43. Ka4 {[%clk 1:04:35]} Rxd3
{[%clk 0:15:43]} 44. Rxb2 {[%clk 1:05:04]} Rxf3 {[%clk 0:15:38]} 45. Kb5
{[%clk 1:05:33]} Bd4 {[%clk 0:15:42]} 46. Rd2 {[%clk 1:05:44]} Rb3+
{[%clk 0:15:58]} 47. Ka4 {[%clk 1:05:04]} Rb6 {[%clk 0:14:26]} 48. Rc2
{[%clk 1:04:20]} Rxa6+ {[%clk 0:14:37]} 49. Kb5 {[%clk 1:04:49]} Rb6+
{[%clk 0:14:49]} 50. Ka5 {[%clk 1:05:15]} Rb1 {[%clk 0:15:03]} 51. Rd2
{[%clk 1:05:37]} Bc3+ {[%clk 0:15:27]} 0-1

[Event "2016 Redpath Mining Millionaire Chess Open"]
[Site "Venue: Old Ed’s Sports Complex, Houghton, Johannesburg"]
[Date "2016.07.15"]
[Round "4"]
[Board "24"]
[White "Vedant, Kumar Saravana"]
[Black "Marais, Alwyn Johannes"]
[Result "1-0"]
[WhiteElo "1074"]
[BlackElo "1095"]
[PlyCount "0"]
[EventDate "2016.07.13"]
[EventRounds "9"]
[EventCountry "RSA"]

1. e4 e5 {[%clk 1:30:30]} 2. Nf3 {[%clk 1:31:20]} Nc6 {[%clk 1:30:06]} 3. Bc4
{[%clk 1:31:08]} Nf6 {[%clk 1:30:30]} 4. Nc3 {[%clk 1:31:23]} Nxe4
{[%clk 1:30:17]} 5. Nxe4 {[%clk 1:30:09]} d5 {[%clk 1:30:33]} 6. Bxd5
{[%clk 1:30:17]} Qxd5 {[%clk 1:30:54]} 7. Nc3 {[%clk 1:30:40]} Qc5
{[%clk 1:30:34]} 8. d3 {[%clk 1:28:15]} Bf5 {[%clk 1:28:42]} 9. Be3
{[%clk 1:24:50]} Nd4 {[%clk 1:26:56]} 10. Bxd4 {[%clk 1:22:50]} exd4
{[%clk 1:26:49]} 11. Ne2 {[%clk 1:19:53]} O-O-O {[%clk 1:26:45]} 12. O-O
{[%clk 1:20:11]} Be7 {[%clk 1:26:08]} 13. Ng3 {[%clk 1:19:30]} Be6
{[%clk 1:22:17]} 14. Re1 {[%clk 1:12:47]} Qa5 {[%clk 1:19:20]} 15. Ne5
{[%clk 1:07:26]} Rhe8 {[%clk 1:15:22]} 16. Qf3 {[%clk 0:52:27]} f6
{[%clk 1:13:12]} 17. Nc6 {[%clk 0:45:30]} bxc6 {[%clk 1:09:09]} 18. Rxe6
{[%clk 0:45:07]} Bd6 {[%clk 1:06:47]} 19. Rxe8 {[%clk 0:37:38]} Rxe8
{[%clk 1:04:25]} 20. Qf5+ {[%clk 0:38:01]} Qxf5 {[%clk 1:04:09]} 21. Nxf5
{[%clk 0:38:23]} g6 {[%clk 1:03:45]} 22. Nxd4 {[%clk 0:38:00]} Kb7
{[%clk 1:00:53]} 23. Kf1 {[%clk 0:38:04]} Kb6 {[%clk 0:59:29]} 24. Re1
{[%clk 0:36:52]} Rxe1+ {[%clk 0:59:27]} 25. Kxe1 {[%clk 0:37:14]} Kc5
{[%clk 0:59:05]} 26. Nb3+ {[%clk 0:33:15]} Kd5 {[%clk 0:58:01]} 27. g3
{[%clk 0:32:42]} c5 {[%clk 0:56:40]} 28. Na5 {[%clk 0:28:58]} f5 {[%clk 0:54:55]}
29. f3 {[%clk 0:27:57]} g5 {[%clk 0:53:14]} 30. Kf2 {[%clk 0:27:22]} h5
{[%clk 0:51:55]} 31. Nb3 {[%clk 0:25:11]} c4 {[%clk 0:50:40]} 32. dxc4+
{[%clk 0:24:18]} Kxc4 {[%clk 0:49:03]} 33. Na5+ {[%clk 0:21:51]} Kb4
{[%clk 0:47:55]} 34. Nc6+ {[%clk 0:17:56]} Kc4 {[%clk 0:48:01]} 35. Na5+
{[%clk 0:17:40]} Kb5 {[%clk 0:47:15]} 36. Nb3 {[%clk 0:17:52]} Be5
{[%clk 0:47:12]} 37. c3 {[%clk 0:16:55]} Kc4 {[%clk 0:47:13]} 38. Nc1
{[%clk 0:09:46]} h4 {[%clk 0:44:04]} 39. a3 {[%clk 0:09:01]} a6 {[%clk 0:41:53]}
40. Kg2 {[%clk 0:09:15]} c6 {[%clk 0:41:16]} 41. gxh4 {[%clk 0:08:31]} gxh4
{[%clk 0:41:10]} 42. Kh3 {[%clk 0:02:58]} Bf6 {[%clk 0:41:26]} 43. f4
{[%clk 0:01:36]} Kd5 {[%clk 0:41:34]} 44. Ne2 {[%clk 0:01:21]} Ke4
{[%clk 0:41:56]} 45. Kg2 {[%clk 0:01:41]} Ke3 {[%clk 0:41:37]} 46. Kf1
{[%clk 0:01:57]} Kf3 {[%clk 0:39:43]} 47. b4 {[%clk 0:01:48]} h3 {[%clk 0:39:08]}
48. c4 {[%clk 0:02:01]} Bg7 {[%clk 0:37:20]} 49. a4 {[%clk 0:02:18]} Bh8
{[%clk 0:36:24]} 50. b5 cxb5 {[%clk 0:34:57]} 51. cxb5 {[%clk 0:03:02]} axb5
{[%clk 0:35:01]} 52. axb5 {[%clk 0:03:26]} Bf6 {[%clk 0:34:59]} 53. b6
{[%clk 0:03:30]} Bd8 {[%clk 0:34:28]} 54. b7 {[%clk 0:03:51]} Bc7
{[%clk 0:34:45]} 55. Nd4+ {[%clk 0:04:09]} Kxf4 {[%clk 0:33:18]} 56. Ne6+
{[%clk 0:04:29]} Bb8 1-0

[Event "2016 Redpath Mining Millionaire Chess Open"]
[Site "Venue: Old Ed’s Sports Complex, Houghton, Johannesburg"]
[Date "2016.07.15"]
[Round "4"]
[Board "25"]
[White "Odendaal, Ruben Lourens"]
[Black "Tabane, Gomolemo"]
[Result "1-0"]
[WhiteElo "1300"]
[BlackElo "647"]
[PlyCount "0"]
[EventDate "2016.07.13"]
[EventRounds "9"]
[EventCountry "RSA"]

1. e4 {[%clk 1:30:51]} e5 {[%clk 1:28:05]} 2. d4 {[%clk 1:31:14]} d6 3. dxe5 dxe5
{[%clk 1:28:09]} 4. Qxd8+ {[%clk 1:31:43]} Kxd8 {[%clk 1:28:36]} 5. Nf3
{[%clk 1:31:56]} Nc6 {[%clk 1:28:04]} 6. Bc4 {[%clk 1:32:19]} Nh6
{[%clk 1:27:57]} 7. Nc3 {[%clk 1:32:11]} f6 {[%clk 1:26:59]} 8. O-O
{[%clk 1:32:18]} Bg4 {[%clk 1:26:41]} 9. Be2 {[%clk 1:29:37]} Kd7
{[%clk 1:26:45]} 10. h3 {[%clk 1:29:03]} Be6 {[%clk 1:26:47]} 11. Be3
{[%clk 1:27:37]} a6 {[%clk 1:26:48]} 12. Rad1+ {[%clk 1:27:30]} Bd6
{[%clk 1:26:53]} 13. Bc5 {[%clk 1:27:05]} Nf7 {[%clk 1:26:50]} 14. Rd2
{[%clk 1:26:35]} Rad8 {[%clk 1:26:51]} 15. Rfd1 {[%clk 1:26:03]} b6
{[%clk 1:26:35]} 16. Bxd6 {[%clk 1:26:17]} cxd6 {[%clk 1:26:56]} 17. Bxa6
{[%clk 1:26:22]} Ke7 {[%clk 1:26:44]} 18. Nd5+ {[%clk 1:25:09]} Ke8
{[%clk 1:25:50]} 19. Nc7+ {[%clk 1:23:37]} Ke7 {[%clk 1:25:52]} 20. Nxe6
{[%clk 1:23:51]} Kxe6 21. Bc4+ Ke7 22. Bxf7 Kxf7 {[%clk 1:25:04]} 23. Rxd6
{[%clk 1:23:48]} Rxd6 {[%clk 1:25:09]} 24. Rxd6 {[%clk 1:24:02]} Rc8
{[%clk 1:24:34]} 25. c3 {[%clk 1:24:19]} b5 {[%clk 1:24:01]} 26. Rd7+
{[%clk 1:24:03]} Kg8 {[%clk 1:24:12]} 27. Rb7 {[%clk 1:24:11]} Rd8
{[%clk 1:23:13]} 28. Rxb5 {[%clk 1:22:52]} Rd1+ {[%clk 1:23:18]} 29. Kh2
{[%clk 1:23:17]} Rd8 {[%clk 1:23:10]} 30. Rd5 {[%clk 1:23:06]} Re8
{[%clk 1:23:06]} 31. b4 {[%clk 1:22:27]} Ne7 {[%clk 1:22:58]} 32. Rd6
{[%clk 1:22:18]} Nc8 {[%clk 1:23:01]} 33. Ra6 {[%clk 1:22:30]} Kf7
{[%clk 1:22:53]} 34. Ra8 {[%clk 1:22:26]} Ke7 {[%clk 1:22:34]} 35. a4
{[%clk 1:21:16]} h5 {[%clk 1:21:04]} 36. Nd2 {[%clk 1:21:14]} g5 {[%clk 1:21:31]}
37. f3 {[%clk 1:21:15]} g4 {[%clk 1:21:49]} 38. hxg4 {[%clk 1:21:43]} hxg4
{[%clk 1:21:59]} 39. fxg4 {[%clk 1:22:06]} Rh8+ {[%clk 1:22:23]} 40. Kg3
{[%clk 1:22:17]} Rd8 {[%clk 1:21:37]} 41. a5 {[%clk 1:22:01]} Rd3+
{[%clk 1:21:29]} 42. Kh4 {[%clk 1:21:11]} Nd6 {[%clk 1:21:04]} 43. Nb1
{[%clk 1:18:50]} Nxe4 {[%clk 1:20:59]} 44. Rc8 {[%clk 1:18:15]} Rd1
{[%clk 1:21:06]} 45. g5 {[%clk 1:17:59]} Rh1+ {[%clk 1:20:59]} 46. Kg4
{[%clk 1:18:02]} Rxb1 {[%clk 1:20:26]} 47. a6 {[%clk 1:18:08]} Ra1
{[%clk 1:20:01]} 48. b5 {[%clk 1:18:31]} Nd6 {[%clk 1:19:45]} 49. gxf6+
{[%clk 1:17:23]} Kxf6 {[%clk 1:19:48]} 50. Rc6 {[%clk 1:17:08]} Ra4+
{[%clk 1:19:15]} 51. c4 {[%clk 1:16:46]} e4 {[%clk 1:19:19]} 52. Rxd6+
{[%clk 1:17:12]} Ke5 {[%clk 1:16:51]} 53. Rd7 {[%clk 1:16:47]} Rxc4
{[%clk 1:17:06]} 54. b6 {[%clk 1:16:26]} e3+ {[%clk 1:17:26]} 55. Kf3
{[%clk 1:16:30]} Rb4 {[%clk 1:17:23]} 56. a7 {[%clk 1:16:17]} e2 {[%clk 1:17:43]}
57. a8=Q {[%clk 1:16:24]} e1=Q 58. Qe8+ Kf6 {[%clk 1:16:36]} 59. Rf7+
{[%clk 1:16:47]} Kg5 {[%clk 1:16:28]} 60. Qg8+ {[%clk 1:17:11]} Kh4
{[%clk 1:16:01]} 61. Rh7# 1-0